<A> simulation of the United States trade policy measures againts Japan in a retailiation scenario.
Problematika dlhodobej nevyrovnanosti zahraničnoobchodnej bilancie USA a Japonska. Použitie simulačného modelu na zistenie účinkov protekcionistických obchodných opatrení USA voči Japonsku. Izolovanie účinkov obchodnej diverzie a nedostatočného substituovania výroby.
Gespeichert in:
| 1. Verfasser: | |
|---|---|
| Weitere Verfasser: | |
| Format: | Buchkapitel |
| Sprache: | Englisch |
| Schlagworte: | |
| Tags: |
Keine Tags, Fügen Sie das erste Tag hinzu!
|
MARC
| LEADER | 00000naa a2200000 4500 | ||
|---|---|---|---|
| 001 | r008543 | ||
| 005 | 20221130103238.6 | ||
| 041 | 0 | |a eng | |
| 044 | |a JP | ||
| 245 | 1 | 0 | |a <A> simulation of the United States trade policy measures againts Japan in a retailiation scenario. |c F. Buelens, Ph.de Lombaerde |
| 520 | |a Problematika dlhodobej nevyrovnanosti zahraničnoobchodnej bilancie USA a Japonska. Použitie simulačného modelu na zistenie účinkov protekcionistických obchodných opatrení USA voči Japonsku. Izolovanie účinkov obchodnej diverzie a nedostatočného substituovania výroby. | ||
| 610 | 2 | 0 | |a politika obchodná |
| 610 | 2 | 0 | |a Japonsko |
| 610 | 2 | 0 | |a USA |
| 610 | 2 | 0 | |a simulácia |
| 610 | 2 | 0 | |a bilancia obchodná |
| 610 | 2 | 0 | |a obchod zahraničný |
| 610 | 2 | 0 | |a modely simulačné |
| 610 | 2 | 0 | |a protekcionizmus |
| 610 | 2 | 0 | |a politika zahraničnoobchodná |
| 100 | 1 | |a Buelens, F. | |
| 700 | 1 | |a Lombaerde, Ph.de | |